<?xml version="1.0" encoding="UTF-8"?>
<record
    xmlns:xsi="http://www.w3.org/2001/XMLSchema-instance"
    xsi:schemaLocation="http://www.loc.gov/MARC21/slim http://www.loc.gov/standards/marcxml/schema/MARC21slim.xsd"
    xmlns="http://www.loc.gov/MARC21/slim">

  <leader>01210nam0a2200313 i 4500</leader>
  <controlfield tag="001">RU\NLR\BIBL_A\010774664</controlfield>
  <controlfield tag="005">20240921103537.0</controlfield>
  <datafield tag="010" ind1=" " ind2=" ">
    <subfield code="a">9785905283277</subfield>
    <subfield code="9">50</subfield>
  </datafield>
  <datafield tag="021" ind1=" " ind2=" ">
    <subfield code="a">RU</subfield>
    <subfield code="b">2015-30303</subfield>
    <subfield code="9">1798</subfield>
  </datafield>
  <datafield tag="035" ind1=" " ind2=" ">
    <subfield code="a">(NILC)RuMoRGB-007915305</subfield>
  </datafield>
  <datafield tag="035" ind1=" " ind2=" ">
    <subfield code="a">(NLR Aleph) 010774664</subfield>
  </datafield>
  <datafield tag="090" ind1=" " ind2=" ">
    <subfield code="a">10037257</subfield>
    <subfield code="c">10037257</subfield>
  </datafield>
  <datafield tag="100" ind1=" " ind2=" ">
    <subfield code="a">20150603d2015    um y0rusy50      ca</subfield>
  </datafield>
  <datafield tag="101" ind1="0" ind2=" ">
    <subfield code="a">rus</subfield>
  </datafield>
  <datafield tag="102" ind1=" " ind2=" ">
    <subfield code="a">RU</subfield>
  </datafield>
  <datafield tag="105" ind1=" " ind2=" ">
    <subfield code="a">a|||z|||000yy</subfield>
  </datafield>
  <datafield tag="200" ind1="1" ind2=" ">
    <subfield code="a">&#x418;&#x441;&#x43F;&#x43E;&#x43B;&#x44C;&#x437;&#x43E;&#x432;&#x430;&#x43D;&#x438;&#x435; IT-&#x441;&#x43F;&#x435;&#x446;&#x438;&#x430;&#x43B;&#x438;&#x441;&#x442;&#x430;&#x43C;&#x438; &#x432;&#x438;&#x440;&#x442;&#x443;&#x430;&#x43B;&#x44C;&#x43D;&#x43E;&#x439; &#x43C;&#x430;&#x448;&#x438;&#x43D;&#x44B; VMware Workstation 11</subfield>
    <subfield code="e">[&#x43C;&#x435;&#x442;&#x43E;&#x434;&#x438;&#x447;&#x435;&#x441;&#x43A;&#x438;&#x435; &#x440;&#x435;&#x43A;&#x43E;&#x43C;&#x435;&#x43D;&#x434;&#x430;&#x446;&#x438;&#x438;]</subfield>
    <subfield code="f">&#x41A;&#x43E;&#x441;&#x442;&#x435;&#x436; &#x412;. &#x410;., &#x413;&#x430;&#x43B;&#x430;&#x448;&#x438;&#x43D;&#x430; &#x41D;. &#x415;.</subfield>
  </datafield>
  <datafield tag="210" ind1=" " ind2=" ">
    <subfield code="a">&#x421;&#x430;&#x43D;&#x43A;&#x442;-&#x41F;&#x435;&#x442;&#x435;&#x440;&#x431;&#x443;&#x440;&#x433;</subfield>
    <subfield code="c">&#x410;&#x443;&#x440;&#x430;&#x418;&#x43D;&#x444;&#x43E;</subfield>
    <subfield code="d">2015</subfield>
  </datafield>
  <datafield tag="215" ind1=" " ind2=" ">
    <subfield code="a">80 &#x441;.</subfield>
    <subfield code="c">&#x438;&#x43B;., &#x442;&#x430;&#x431;&#x43B;.</subfield>
    <subfield code="d">21</subfield>
  </datafield>
  <datafield tag="606" ind1="1" ind2=" ">
    <subfield code="a">VMWARE WORKSTATION 11, &#x43F;&#x430;&#x43A;&#x435;&#x442; &#x43F;&#x440;&#x438;&#x43A;&#x43B;&#x430;&#x434;&#x43D;&#x44B;&#x445; &#x43F;&#x440;&#x43E;&#x433;&#x440;&#x430;&#x43C;&#x43C;</subfield>
    <subfield code="9">2235668</subfield>
    <subfield code="3">RU\NLR\AUTH\6601573661</subfield>
  </datafield>
  <datafield tag="610" ind1="0" ind2=" ">
    <subfield code="a">VMware Workstation 11 - &#x43F;&#x43B;&#x430;&#x442;&#x444;&#x43E;&#x440;&#x43C;&#x430; &#x432;&#x438;&#x440;&#x442;&#x443;&#x430;&#x43B;&#x438;&#x437;&#x430;&#x446;&#x438;&#x438;</subfield>
  </datafield>
  <datafield tag="686" ind1="1" ind2=" ">
    <subfield code="a">&#x417;973.2-018</subfield>
  </datafield>
  <datafield tag="700" ind1=" " ind2="1">
    <subfield code="a">&#x41A;&#x43E;&#x441;&#x442;&#x435;&#x436;</subfield>
    <subfield code="b">&#x41C;.&#x41A;.</subfield>
  </datafield>
  <datafield tag="701" ind1=" " ind2="1">
    <subfield code="a">&#x413;&#x430;&#x43B;&#x430;&#x448;&#x438;&#x43D;&#x430;</subfield>
    <subfield code="b">&#x41D;. &#x415;.</subfield>
  </datafield>
  <datafield tag="801" ind1=" " ind2="0">
    <subfield code="a">RU</subfield>
    <subfield code="b">&#x420;&#x413;&#x411;</subfield>
    <subfield code="c">20150420</subfield>
    <subfield code="g">RCR</subfield>
  </datafield>
  <datafield tag="942" ind1=" " ind2=" ">
    <subfield code="c">BOOK</subfield>
  </datafield>
  <datafield tag="980" ind1=" " ind2=" ">
    <subfield code="a">NBR</subfield>
  </datafield>
</record>
